| 000 | 00742cam a22002411 4500 | ||
|---|---|---|---|
| 001 | 0000003751 | ||
| 005 | 20170406115257.0 | ||
| 008 | 760908s1962 cau 000 0 eng | ||
| 010 | _a 61017326 | ||
| 035 | _9(DLC) 61017326 | ||
| 035 | _a(OCoLC)2416983 | ||
| 040 |
_aDLC _cTxShA _dDLC |
||
| 042 | _aemarc=LC PreMARC Retrospective Conversion Project | ||
| 050 | 0 | 0 |
_aPR1175 _b.L42 |
| 082 | 0 | _a821.082 | |
| 100 | 1 |
_aLeavenworth, Russell E., _ecomp. |
|
| 245 | 1 | 0 |
_aPoems from six centuries / _cselected and arranged by Russell E. Leavenworth. |
| 260 |
_aSan Francisco : _bChandler Pub. Co., _c[1962] |
||
| 300 |
_a309 p. ; _c14 x 20 cm. |
||
| 650 | 0 | _aEnglish poetry. | |
| 650 | 0 | _aAmerican poetry. | |
| 908 | _a140709 | ||
| 999 |
_c3609 _d3609 |
||